banner-ar

انواع من عرز التطريز / (Record no. 53042)

MARC details
000 -الفاتح
حقل البيانات ثابتة الطول 00422nam a2200145Ia 4500
008 - عناصر البيانات ثابتة الطول - معلومات عامة
حقل البيانات ثابتة الطول 140319s9999 xx 000 0 ara d
040 ## - مصدر الفهرسة
وكالة الفهرسة الأصلية GCL /
وكالة النسخ GCL
082 04 - رقم تصنيف ديوى العشرى
رقم التصنيف 746.4
رقم المادة ت م
100 1# - المدخل الرئيسى - إسم شخصى
الإسم الشخصى تفيدة مرتضى
245 10 - بيان العنوان
العنوان انواع من عرز التطريز /
بيان المسئوليه,etc تفيدة مرتضى
300 ## - الوصف المادى
التعداد 67\
490 ## - بيان السلسلة
عنوان السلسلة
260 ## - PUBLICATION, DISTRIBUTION, ETC. (IMPRINT)
-- [S.N] :
-- المركز العربى للنشر بالاسكندرية
Holdings
حالة التراجع حالة الفقد حالة تلف ليس للاعارة المكان المؤقت الموقع الحالى تاريخ الاكتساب اجمالي اﻻعارات رقم الطلب الباركود تاريخ اخر مشاهدة تاريخ تفعيل السعر نوع وعاء كوها
        مكتبة القاهرة الكبرى مكتبة القاهرة الكبرى 03/26/2014   746.4\ت م 127301 03/26/2014 03/26/2014 كتاب

Powered By

EGPV